| 000 | 00967nam a2200277 i 4500 | ||
|---|---|---|---|
| 003 | DO-SdBNP | ||
| 005 | 20260204125942.0 | ||
| 007 | ta | ||
| 008 | 260204b1949 dr ac||| |||| 00| 0 spa d | ||
| 040 |
_aDO-SdBNP _bspa _cBNPHU _erda |
||
| 041 | _aspa | ||
| 082 | 4 |
_axxx _bxxx _222 |
|
| 100 |
_aContín Aybar, Pedro René, _d1907-1981 _eautor _4aut. _923565 |
||
| 245 | 1 | 0 |
_aHomenaje a Orozco / _cPedro René Contín Aybar, José de J. Núñez y Domínguez, Dario Suro, H. Pieter, |
| 264 | 1 |
_aCiudad Trujillo : _bEditora Stella, _c1949. |
|
| 300 |
_a56 páginas : _bilustraciones, retratos ; _c22 cm. |
||
| 336 |
_atexto _btxt _2rdacontent |
||
| 337 |
_asin mediación _bn _2rdamedia |
||
| 338 |
_avolumen _bnc _2rdacarrier |
||
| 590 | _aInventariado, 2026/BT | ||
| 700 | 1 |
_aNúñez y Domínguez, José de J., _eautor _4aut. _988950 |
|
| 700 | 1 |
_aSuro, Dario, _eautor _4aut. _973281 |
|
| 700 | 1 |
_aPieter, H., _eautor _4aut. _923017 |
|
| 910 | _aBtavárez | ||
| 942 |
_2ddc _cLBS1 |
||
| 999 |
_c60221 _d60221 |
||